Tilastot visalle Valtiot, joissa julkaistaan eniten kirjoja

Klikkaa tästä pelataksesi tätä visaa!

Yleistilastot

  • Tätä visaa on pelattu 1 010 kertaa
    (315 viimeisimmän päivityksen jälkeen)
  • Keskiarvotulos 16 / 20

Vastaustilastot

#Valtio% Oikein
275 232Yhdysvallat
100%
208 418Kiina
98%
79 916Saksa
97%
106 799Ranska
96%
139 078Japani
93%
115 171Venäjä
93%
90 000Intia
92%
125 948Italia
92%
83 622Espanja
91%
186 000Yhdistynyt kuningaskunta
91%
46 829Brasilia
90%
63 476Etelä-Korea
79%
21 130Puola
79%
135 081Indonesia
74%
88 975Turkki
74%
23 000Egypti
69%
102 691Iran
69%
23 416Ukraina
62%
24 589Vietnam
51%
28 084Taiwan
40%

Tulosjakauma

Persentiili vastausten määrän mukaan

Jokaisen tuloksen saaneiden osuus

Tuloshistoriasi

Et ole pelannut tätä visaa sen viimeisimmän päivityksen jälkeen